[Event "FRA-chT2D 0506"]
[Site "France"]
[Date "2005.11.19"]
[Round "2.9"]
[White "Griffe, Delphine"]
[Black "Romieu, Flore"]
[Result "1/2-1/2"]
[WhiteElo "1770"]
[BlackElo "1939"]
[PlyCount "108"]
[EventDate "2005.10.27"]
[EventType "team-tourn"]
[EventRounds "11"]
[EventCountry "FRA"]
[SourceTitle "EXT 2006"]
[Source "ChessBase"]
[SourceDate "2005.11.24"]
[SourceVersion "1"]
[SourceVersionDate "2005.11.24"]
[SourceQuality "1"]
[WhiteTeam "Chalon"]
[BlackTeam "Gueugnon"]
[WhiteTeamCountry "FRA"]
[BlackTeamCountry "FRA"]

1. e4 e5 2. Nf3 Nc6 3. d4 exd4 4. Nxd4 Bc5 5. Nxc6 Qf6 6. Qf3 Qxc6 7. Nc3 Bd4 8. Bd2 a6 9. Bd3 Nf6 10. 0-0 0-0 11. Rfe1 d6 12. h3 Re8 13. Kh1 Nd7 14. Qe2 Ne5 15. f3 Be6 16. Nd1 Nc4 17. c3 Bb6 18. Bf4 f5 19. Qc2 fxe4 20. Bxe4 Bf5 21. Re2 Bxe4 22. Rxe4 Rxe4 23. Qxe4 Qxe4 24. fxe4 Re8 25. b3 Na5 26. e5 dxe5 27. Bg3 Nc6 28. Bf2 Bxf2 29. Nxf2 Kf7 30. Re1 Ke6 31. Nd3 Rd8 32. Nc5+ Ke7 33. Nxb7 Rd2 34. a4 Rd3 35. Nc5 Rxc3 36. Nxa6 Rxb3 37. Nxc7 Kd6 38. Ne8+ Kd5 39. Nxg7 Ra3 40. Rd1+ Nd4 41. Nf5 Rxa4 42. Ne3+ Ke6 43. g4 e4 44. Kg2 Ke5 45. Kg3 Ra3 46. Re1 Nc2 47. Kf2 Nxe3 48. Rxe3 Ra2+ 49. Re2 Rxe2+ 50. Kxe2 Kf4 51. Kf2 h6 52. Kg2 e3 53. Kf1 Kg3 54. Ke2 Kxh3 1/2-1/2

[Event "Pic d'Anie op 1st"]
[Site "Arette"]
[Date "2004.08.??"]
[Round "3"]
[White "Bettman, Jan"]
[Black "Romieu, Flore"]
[Result "1-0"]
[WhiteElo "1837"]
[BlackElo "1961"]
[PlyCount "47"]
[EventDate "2004.08.??"]
[EventType "swiss"]
[EventRounds "7"]
[EventCountry "FRA"]
[SourceTitle "EXT 2007"]
[Source "ChessBase"]
[SourceDate "2006.11.23"]
[SourceVersion "1"]
[SourceVersionDate "2006.11.23"]
[SourceQuality "1"]

1. c4 e5 2. Nc3 Nf6 3. a3 a5 4. Nf3 Nc6 5. d4 exd4 6. Nxd4 Bc5 7. Nc2 0-0 8. g3 Ne5 9. Be3 Qe7 10. b3 c6 11. Bg2 Neg4 12. Bxc5 Qxc5 13. Qd4 Qf5 14. h3 Qxc2 15. hxg4 c5 16. Qd2 Qxd2+ 17. Kxd2 Nxg4 18. Nd5 Ra6 19. e4 Nf6 20. Ne7+ Kh8 21. e5 Ng4 22. Nxc8 Re8 23. Nd6 Nxe5 24. Nxe8 1-0